Problemas actuales en teoría lingüística

Guardat en:
Dades bibliogràfiques
Autor principal: Chomsky, Noam
Format: Llibre
Idioma:Undetermined
Publicat: México, Distrito Federal Siglo XXI 1981
Edició:3
Matèries:
Etiquetes: Afegir etiqueta
Sense etiquetes, Sigues el primer a etiquetar aquest registre!

MARC

LEADER 00000nam a2200000Ia 4500
008 170316s9999 xx 000 0 und d
090 |a 410 Ch-7p 
100 |a Chomsky, Noam 
245 |a Problemas actuales en teoría lingüística 
250 |a 3 
260 |a México, Distrito Federal 
260 |b Siglo XXI 
260 |c 1981 
300 |a 216 páginas 
650 |a LINGÜÍSTICA 
999 |c 18330  |d 18330 
040 |a cru BVZT 
942 |c 15 D  |h 410 Ch-7p  |2 z